000 01316nam a22002657a 4500
003 NALT
005 20211130163410.0
008 s2544 th tha d
020 _a9743135758
040 _aNALT
041 _atha
090 _aว JS7402.S9 ส721ส 2544
100 0 _aสิทธิการณ์ วันสุข
245 1 0 _aสหการในการจัดทำบริการสาธารณะท้องถิ่นไทย /
_cสิทธิการณ์ วันสุข
260 3 _aกรุงเทพฯ :
_bคณะนิติศาสตร์ มหาวิทยาลัยรามคำแหง,
_c2544
300 _a200 หน้า ;
_b 30 ซม.
650 0 4 _aการกระจายอำนาจปกครอง
650 0 4 _aการปกครองส่วนท้องถิ่น -- วิจัย
650 0 4 _aบริการสาธารณะ -- วิจัย
650 0 4 _aสหการองค์กรปกครองส่วนท้องถิ่น -- วิจัย
650 0 4 _aองค์กรปกครองส่วนท้องถิ่น -- บริการสาธารณะ -- วิจัย
850 _aNALT
942 _cRSH
_2lcc
998 _bBENJALUCK
_j109
_k อารีรัตน์ วิชาช่าง
999 _c32076
_d32076